Sports Quiz

Random Sports Quiz

2013 wbc results Quiz Stats

 Plays Quiz not verified by Sporcle

Support Sporcle.
Go Orange.
Score 0/30 Timer 03:00
0 Plays Today
Result Team % Correct
Pool A QualifierJapan
95.7%
Pool 1 ChampionJapan
95.7%
Semi-Final EliminatedJapan
95.7%
Pool C ChampionDominican Republic
93.5%
Pool 2 ChampionDominican Republic
93.5%
Semi-Final ChampionDominican Republic
93.5%
ChampionDominican Republic
93.5%
Pool D EliminatedCanada
91.3%
Pool C QualifierPuerto Rico
89.1%
Pool 2 QualifierPuerto Rico
89.1%
Semi-Final ChampionPuerto Rico
89.1%
Runner UpPuerto Rico
89.1%
Pool D ChampionUnited States
87%
Pool D EliminatedMexico
87%
Pool 2 EliminatedUnited States
87%
Result Team % Correct
Pool A EliminatedChina
84.8%
Pool D QuilifierItaly
84.8%
Pool 2 EliminatedItaly
84.8%
Pool A ChampionCuba
82.6%
Pool 1 Eliminated Cuba
82.6%
Pool C EliminatedVenezuela
78.3%
Pool B QualifierChinese Taipei
69.6%
Pool B EliminatedKorea
69.6%
Pool 1 EliminatedChinese Taipei
69.6%
Pool B EliminatedAustralia
65.2%
Pool C EliminatedSpain
56.5%
Pool A EliminatedBrazil
52.2%
Pool B ChampionKingdom of the Netherlands
30.4%
Pool 1 QualifierKingdom of the Netherlands
30.4%
Semi-Final EliminatedKingdom of the Netherlands
30.4%

You're not logged in!

Compare scores with friends on all Sporcle quizzes.
OR
Log In

From the Vault

Old Photos: Who Is It? II

by MSUKent

This guy probably knows more about old phonographs than old photographs.
Remove Ads.
Support Sporcle.
Get the best of Sporcle when you Go Orange. This ad-free experience offers more features, more stats, and more fun while also helping to support Sporcle. Thank you for becoming a member.

Show Comments

Extras

Created Sep 27, 2013ReportNominate
Tags:World Baseball Classic

Top Quizzes Today


Score Distribution

Your Account Isn't Verified!

In order to create a playlist on Sporcle, you need to verify the email address you used during registration. Go to your Sporcle Settings to finish the process.

Report this User

Report this user for behavior that violates our Community Guidelines.

Details: